01023cam a22002778a 45000010009000000050017000090080041000260100017000670200043000840820021001272450071001482600040002192630009002593000021002685040051002896500030003406500027003706500029003976500042004266500037004686530022005057000031005279420012005589990017005709520158005871702258420130129142400.0111025s2012 mou b 001 0 eng  a 2011044457 a9780323068956 (hardcover : alk. paper)00a617.695223bCON00aContemporary Esthetic Dentistry /c[edited by] George A. Freedman. aSt. Louis, Mo. :bElsevier,cc2012. a1112 a805 p. ;c28 cm. aIncludes bibliographical references and index.12aEsthetics, Dental.93062322aDental Bonding.93208722aDental Materials.93208822aDental Restoration, Permanent.93208922aOral Surgical Procedures.932090 bDentcJanuary20131 aFreedman, George A.932091 2ddccDN c17162d17134 00102ddc40708 aMAINbMAINc1STd2013-01-29epurchaseg1100.00h02516l4m11o617.695 CONp000027922q2022-02-22r2022-01-23 00:00:00s2022-01-23yBB